|
|
|
|
| LEADER |
00913pam a22002418a 4500 |
| 001 |
00021232 |
| 005 |
20171026081023.0 |
| 008 |
110523s1982 ||||||Viesd |
| 041 |
0 |
# |
|a Vie
|
| 082 |
1 |
4 |
|a 891.73
|b GI400TR
|
| 100 |
0 |
# |
|a A_lếc_xan_đrơ Dê_trô_víc Cùlêsốp
|
| 245 |
0 |
0 |
|a Gió trắng
|b Tiểu thuyết
|c A_lếc_xan_đrơ Dê_trô_víc Cùlêsốp; Huy Thanh dịch
|
| 260 |
# |
# |
|a H.
|b Quân đội nhân dân
|c 1982
|
| 300 |
# |
# |
|a 523 tr.
|c 19 cm.
|
| 650 |
# |
4 |
|a Liên Xô
|
| 650 |
# |
4 |
|a Văn học hiện đại
|
| 653 |
# |
# |
|a Tiểu thuyết
|
| 700 |
0 |
# |
|a Huy Thanh
|e dịch
|
| 852 |
# |
# |
|b Kho mượn
|j KM.0010053, KM.0010054, KM.0010052
|
| 852 |
# |
# |
|b Kho đọc
|j KD.0007092
|
| 852 |
# |
# |
|j KM.0010053
|j KM.0010054
|j KD.0007092
|j KM.0010052
|
| 910 |
0 |
# |
|a nhnam
|d 23/05/2011
|
| 980 |
# |
# |
|a Trung tâm Học liệu Lê Vũ Hùng, Trường Đại học Đồng Tháp
|